Normal view
MARC view
Entry Personal Name
001 - CONTROL NUMBER
- control field: 53460
003 - CONTROL NUMBER IDENTIFIER
- control field: dpl
005 - DATE AND TIME OF LATEST TRANSACTION
- control field: 20121031163209.0
008 - FIXED-LENGTH DATA ELEMENTS
- fixed length control field: 121031|||a|||||| | ||| d
040 ## - CATALOGING SOURCE
- Original cataloging agency: dpl
- Transcribing agency: dpl
100 ## - HEADING--PERSONAL NAME
- Personal name: नायपॉल, वी.एस.
670 ## - SOURCE DATA FOUND
- Source citation: Work cat.: (dpl)68110: नायपॉल, वी.एस., ए हाउस फॉर मिस्टर बिस्वास/, 2011
670 ## - SOURCE DATA FOUND
- Source citation: Work cat.: (dpl)68110: नायपॉल, वी.एस., ए हाउस फॉर मिस्टर बिस्वास/, 2011
